LIBRARY & INFORMATION CENTRE, KCAET, TAVANUR

ONLINE PUBLIC ACCESS CATALOGUE (OPAC)

Industry and agriculture in India since independance, Vol.2 / (Record no. 7722)

MARC details
000 -LEADER
fixed length control field 00433cam a2200157ua 4500
020 ## - INTERNATIONAL STANDARD BOOK NUMBER
ISBN 0-19-564394-1
041 ## - LANGUAGE CODE
Language code of text/sound track or separate title eng
082 ## - DEWEY DECIMAL CLASSIFICATION NUMBER
Classification number 630
Item number SAT/IN
100 ## - MAIN ENTRY--AUTHOR NAME
Personal name Sathyamurthy, T.V .
245 00 - TITLE STATEMENT
Title Industry and agriculture in India since independance, Vol.2 /
260 ## - PUBLICATION, DISTRIBUTION, ETC. (IMPRINT)
Place of publication Delhi :
Name of publisher Oxford University Press ,
Year of publication 1998.
300 ## - PHYSICAL DESCRIPTION
Number of Pages 353 ; .
942 ## - ADDED ENTRY ELEMENTS (KOHA)
Koha item type Books
Holdings
Withdrawn status Lost status Damaged status Home library Current library Date acquired Full call number Accession Number Koha item type
      KAUAET KAUAET 07/04/2012 630 19921 Books
free website counter